Statistiques concernant Les noms d'oiseaux par lettres -H

Cliquez ici pour prendre le quiz!

Statistiques générales

  • Ce quiz a été pris 47 fois
  • Le résultat moyen est 8 sur 27

Statistiques - réponses

Réponse% Correct
Hibou
100%
Héron
95%
Hirondelle
89%
Harfang
71%
Harpie
71%
Huppe
71%
Huitrier
53%
Hoazin / Hoatzin
42%
Hocco
37%
Harle
34%
Haut-de-chausses
26%
Harpage
16%
Héliange
16%
Hypolaïs
16%
Harelde
13%
Huia
3%
Hyménolaime
3%
Habia
0%
Haplospize
0%
Hémignathe
0%
Hémiprocnée
0%
Hihi
0%
Histurgopse
0%
Hokki
0%
Horizorin
0%
Hyliote
0%
Hypocolius
0%

Distribution des résultats

Percentile par nombre de réponses

% des personnes avec chaque résultat

Votre développement - résultats

Vous n’avez pas pris ce quiz